[Event "NCL967 Na Fianna-Northumbria"]
[Site "Rd6"]
[Date "1997.??.??"]
[Round "6.1"]
[White "King, Danny"]
[Black "Ledger, Andrew"]
[Result "1-0"]
[WhiteElo "2535"]
[BlackElo "2415"]
[PlyCount "111"]
[EventDate "1997.01.26"]
[Source "J.Saunders"]
[SourceDate "1998.06.06"]

1. e4 c6 2. Nc3 d5 3. d4 dxe4 4. Nxe4 Nd7 5. Nf3 Ngf6 6. Ng3 c5 7. dxc5 Qa5+ 8.
Bd2 Qxc5 9. Bd3 e6 10. Qe2 Be7 11. O-O-O b6 12. Rhe1 Bb7 13. Ng5 Bd5 14. Kb1
O-O 15. c4 Bb7 16. f4 Rfe8 17. Bc3 Qc6 18. N3e4 h6 19. Nxf6+ Nxf6 20. Ne4 Nxe4
21. Bxe4 Qxe4+ 22. Qxe4 Bxe4+ 23. Rxe4 Kf8 24. Kc2 Rec8 25. Rd7 Ke8 26. Rb7 g6
27. Rd4 Rcb8 28. Rdd7 Rxb7 29. Rxb7 Rc8 30. Kb3 Bd6 31. Be5 Bxe5 32. fxe5 Rc5
33. Rxa7 Rxe5 34. Rb7 Re3+ 35. Ka4 Re2 36. Rxb6 Rxg2 37. c5 e5 38. c6 Kd8 39.
b4 e4 40. b5 Rxa2+ 41. Kb3 Ra1 42. Rb8+ Kc7 43. Rb7+ Kd6 44. c7 Rc1 45. b6 e3
46. Rb8 e2 47. Re8 e1=Q 48. Rxe1 Rxe1 49. c8=Q Rb1+ 50. Kc2 Rxb6 51. Qd8+ Kc5
52. Qf8+ Rd6 53. Qxf7 g5 54. Kc3 Kc6 55. Kc4 Kb6 56. Qe8 1-0

[Event "NCL967 Na Fianna-Northumbria"]
[Site "Rd6"]
[Date "1997.??.??"]
[Round "6.2"]
[White "McNab, Colin"]
[Black "O'Shaughnessy, Conor"]
[Result "1-0"]
[WhiteElo "2465"]
[BlackElo "2260"]
[PlyCount "79"]
[EventDate "1997.01.26"]
[Source "J.Saunders"]
[SourceDate "1998.06.06"]

1. c4 Nf6 2. Nf3 c5 3. g3 b6 4. Bg2 Bb7 5. d3 g6 6. e4 d6 7. Nc3 Bg7 8. h3 Nc6
9. Bg5 h6 10. Be3 O-O 11. Qd2 Kh7 12. O-O e6 13. Rad1 Rc8 14. b3 Rc7 15. d4
cxd4 16. Nxd4 Rd7 17. Ndb5 Qb8 18. Qc1 Rc8 19. Na4 Ba8 20. Rd2 Na5 21. Qb1 Bc6
22. Rfd1 Ne8 23. Nb2 Ba8 24. Bf4 Rcd8 25. Qc2 Nc6 26. Be3 Nf6 27. Nc3 Rc8 28.
f4 Rcd8 29. a3 Re8 30. e5 dxe5 31. Rxd7 Nxd7 32. Rxd7 exf4 33. gxf4 e5 34. Rxf7
Nd4 35. Qf2 Kg8 36. fxe5 Bxg2 37. Rxg7+ Kxg7 38. Qf6+ Kh7 39. Qf7+ Kh8 40. Bxd4
1-0

[Event "NCL967 Na Fianna-Northumbria"]
[Site "Rd6"]
[Date "1997.??.??"]
[Round "6.3"]
[White "Lyell, Mark"]
[Black "Bell, Stephen"]
[Result "0-1"]
[WhiteElo "2235"]
[BlackElo "2365"]
[PlyCount "68"]
[EventDate "1997.01.26"]
[Source "J.Saunders"]
[SourceDate "1998.06.06"]

1. e4 e6 2. d4 d5 3. e5 c5 4. c3 Ne7 5. Bd3 Nec6 6. Nf3 b6 7. O-O Ba6 8. Bxa6
Nxa6 9. Bf4 Be7 10. Qa4 Nab8 11. c4 g5 12. cxd5 exd5 13. Be3 g4 14. Ne1 Qd7 15.
dxc5 bxc5 16. Qa3 d4 17. Bf4 Qe6 18. Nd2 Nd7 19. Qa4 O-O 20. Nd3 Nb6 21. Qd1 c4
22. Ne1 h5 23. Rc1 c3 24. bxc3 Nd5 25. Nd3 Qf5 26. cxd4 Qxd3 27. Bh6 Nxd4 28.
Bxf8 Bxf8 29. Kh1 Nc3 30. Qe1 Bh6 31. Rxc3 Qxc3 32. Qe4 Rd8 33. Nb3 Nxb3 34.
axb3 Qd3 0-1

[Event "NCL967 Na Fianna-Northumbria"]
[Site "Rd6"]
[Date "1997.??.??"]
[Round "6.5"]
[White "Mackenzie, Colin"]
[Black "Ledger, David"]
[Result "0-1"]
[WhiteElo "2096"]
[BlackElo "2235"]
[PlyCount "116"]
[EventDate "1997.01.26"]
[Source "J.Saunders"]
[SourceDate "1998.06.06"]

1. Nf3 Nf6 2. c4 g6 3. g3 Bg7 4. Bg2 O-O 5. O-O d6 6. Nc3 e5 7. d3 Nc6 8. Rb1
a5 9. a3 Nd4 10. b4 axb4 11. axb4 Nxf3+ 12. Bxf3 Bh3 13. Bxb7 Bxf1 14. Qxf1 Rb8
15. Qg2 Nd7 16. Nb5 Nb6 17. Be3 d5 18. Bxb6 Rxb7 19. Bxc7 Rxc7 20. Nxc7 Qxc7
21. Qxd5 Rd8 22. Qb5 Bf8 23. c5 Qb8 24. Qxb8 Rxb8 25. c6 Bd6 26. Rc1 Bxb4 27.
c7 Rc8 28. Rb1 Bd6 29. Rb6 Bxc7 30. Rc6 Kf8 31. f4 exf4 32. gxf4 Ke7 33. e4 Kd7
34. Rf6 Ke7 35. Rc6 Kd7 36. Rf6 Rf8 37. e5 Ke7 38. Kf2 Rb8 39. Rc6 Rb2+ 40. Ke3
Bd8 41. f5 Rb6 42. Rxb6 Bxb6+ 43. Ke4 Bf2 44. fxg6 hxg6 45. d4 f5+ 46. exf6+
Kxf6 47. d5 Bh4 48. Kf4 Bg5+ 49. Kg4 Bh6 50. h4 Ke5 51. d6 Kxd6 52. Kf3 Ke5 53.
Kg3 Kf5 54. h5 g5 55. Kh3 g4+ 56. Kh4 Bf4 57. h6 Bxh6 58. Kg3 Kg5 0-1

[Event "NCL967 Na Fianna-Northumbria"]
[Site "Rd6"]
[Date "1997.??.??"]
[Round "6.6"]
[White "Waters, Clive"]
[Black "Pearce, Robin"]
[Result "0-1"]
[WhiteElo "2235"]
[BlackElo "2080"]
[PlyCount "118"]
[EventDate "1997.01.26"]
[Source "J.Saunders"]
[SourceDate "1998.06.06"]

1. e4 c5 2. d3 Nc6 3. g3 e6 4. Bg2 b5 5. f4 Bb7 6. Nf3 Be7 7. O-O Nf6 8. h3 O-O
9. c3 d5 10. e5 Ne8 11. d4 g6 12. g4 Ng7 13. f5 exf5 14. Bh6 fxg4 15. hxg4 Bc8
16. Nh2 cxd4 17. cxd4 Be6 18. Nc3 b4 19. Ne2 Bg5 20. Bxg5 Qxg5 21. Rf4 Rac8 22.
Qd3 Na5 23. b3 Rc7 24. Raf1 Rfc8 25. Qb5 Rc2 26. Bxd5 Rxe2 27. Bxe6 Nxe6 28.
Qxe2 Nxf4 29. Qf3 Rc2 30. Qxf4 Qxf4 31. Rxf4 Rxa2 32. d5 Rd2 33. d6 Nxb3 34.
Rxb4 Nc5 35. g5 a5 36. Rc4 Rd5 37. Ng4 Kg7 38. Rf4 Nd3 39. Re4 a4 40. Rxa4 Nxe5
41. Nxe5 Rxe5 42. Rd4 Re8 43. Kf2 h6 44. gxh6+ Kxh6 45. Kf3 Kg5 46. d7 Rd8 47.
Ke3 Kf5 48. Kf3 Ke6 49. Re4+ Kxd7 50. Kf4 f6 51. Ra4 Ke6 52. Ke4 g5 53. Ra6+
Rd6 54. Ra5 f5+ 55. Ke3 Rb6 56. Kd4 Kf6 57. Rc5 g4 58. Ra5 Re6 59. Ra8 Kg5 0-1

[Event "NCL967 Na Fianna-Northumbria"]
[Site "Rd6"]
[Date "1997.??.??"]
[Round "6.7"]
[White "Connolly, Suzanne"]
[Black "King, Jonathan"]
[Result "1/2-1/2"]
[WhiteElo "1840"]
[BlackElo "2115"]
[PlyCount "69"]
[EventDate "1997.01.26"]
[Source "J.Saunders"]
[SourceDate "1998.06.06"]

1. e4 e5 2. Nf3 Nc6 3. Bb5 f5 4. d3 fxe4 5. dxe4 Nf6 6. O-O Bc5 7. Bxc6 bxc6 8.
Nxe5 O-O 9. Nd3 Nxe4 10. Nxc5 Nxc5 11. Be3 Ne4 12. Qd4 Nf6 13. c4 d6 14. Nc3 c5
15. Qh4 Bb7 16. Bg5 Qd7 17. Bxf6 Rxf6 18. Ne4 Rh6 19. Qf4 Rf8 20. Qe3 Qg4 21.
f3 Qh4 22. h3 Rg6 23. Kh1 Bxe4 24. fxe4 Rgf6 25. Rxf6 Qxf6 26. Qd2 h6 27. Rg1
Qf4 28. Qd5+ Rf7 29. b3 Kh7 30. Qd3 Re7 31. e5+ g6 32. exd6 cxd6 33. Rd1 Rf7
34. Kg1 Rf6 35. Rf1 1/2-1/2

[Event "NCL967 Na Fianna-Northumbria"]
[Site "Rd6"]
[Date "1997.??.??"]
[Round "6.8"]
[White "Barnes, Lara"]
[Black "O'Siochru, Mairead"]
[Result "0-1"]
[WhiteElo "1264"]
[BlackElo "1880"]
[PlyCount "86"]
[EventDate "1997.01.26"]
[Source "J.Saunders"]
[SourceDate "1998.06.06"]

1. Nf3 d5 2. g3 Nf6 3. Bg2 g6 4. d3 Bg7 5. O-O O-O 6. Nbd2 Nc6 7. c3 a5 8. e4
e5 9. Re1 dxe4 10. dxe4 Qe7 11. Qe2 Rd8 12. h3 b6 13. b3 Ba6 14. Nc4 b5 15. Ba3
Qe8 16. Nh2 bxc4 17. bxc4 Qe6 18. f4 Bxc4 19. f5 Bxe2 20. fxe6 Bc4 21. e7 Re8
22. Nf3 Nh5 23. Red1 Nxe7 24. Rd7 Nc6 25. Rxc7 Rac8 26. Rd7 Be6 27. Rd3 Rcd8
28. Re3 Bh6 29. Ree1 Nxg3 30. Bc5 Bc4 31. a3 Ne2+ 32. Kf2 Nxc3 33. Be3 Nxe4+
34. Kg1 Bxe3+ 35. Rxe3 f5 36. Rc1 Bb5 37. Rb3 Ba4 38. Rb6 Nd4 39. Nxd4 exd4 40.
Rc7 Rd7 41. Rc4 Bd1 42. Rc1 Be2 43. Rb2 d3 0-1

[Event "NCL967 Celtic Kts-Wessex"]
[Site "Rd6"]
[Date "1997.??.??"]
[Round "6.1"]
[White "Poulton, James"]
[Black "Borg, Andy"]
[Result "1-0"]
[WhiteElo "2360"]
[BlackElo "2205"]
[PlyCount "75"]
[EventDate "1997.01.26"]
[Source "J.Saunders"]
[SourceDate "1998.06.06"]

1. d4 d5 2. c4 e6 3. Nc3 Nf6 4. Bg5 c6 5. e3 Nbd7 6. cxd5 exd5 7. Bd3 Be7 8.
Qc2 O-O 9. Nge2 Re8 10. O-O Nf8 11. f3 Nh5 12. Bxe7 Rxe7 13. e4 g6 14. Qd2 Kg7
15. e5 Kg8 16. Kh1 Ng7 17. g4 Re8 18. Qf4 Nge6 19. Qg3 Qb6 20. Qf2 Ng7 21. Rab1
Qd8 22. Qg3 f6 23. f4 f5 24. h3 Be6 25. Nd1 Nd7 26. Ne3 Rf8 27. Ng1 Kh8 28. Nf3
Qe8 29. Rbd1 Nb6 30. b3 Nc8 31. Ng5 Bg8 32. gxf5 gxf5 33. Rg1 Qe7 34. Rd2 Nb6
35. Rdg2 Be6 36. Qh4 Bg8 37. Qh6 Rae8 38. Nxh7 1-0

[Event "NCL967 Celtic Kts-Wessex"]
[Site "Rd6"]
[Date "1997.??.??"]
[Round "6.2"]
[White "Walsh, Chris"]
[Black "Corkett, Anthony"]
[Result "1/2-1/2"]
[WhiteElo "2180"]
[BlackElo "2285"]
[PlyCount "106"]
[EventDate "1997.01.26"]
[Source "J.Saunders"]
[SourceDate "1998.06.06"]

1. e4 c5 2. Nf3 Nc6 3. d4 cxd4 4. Nxd4 g6 5. c4 Bg7 6. Be3 Nf6 7. Nc3 O-O 8.
Be2 d6 9. O-O Bd7 10. f3 Nxd4 11. Bxd4 a5 12. Qd2 Bc6 13. b3 Nd7 14. Bxg7 Kxg7
15. Bd3 Kg8 16. Kh1 Qb6 17. Rab1 Qd4 18. Ne2 Qg7 19. Bc2 Rfd8 20. Qe3 Ne5 21.
a4 Rac8 22. Qb6 Ra8 23. Qe3 Be8 24. Nc3 Bc6 25. Ne2 Nd7 26. Rfd1 Nc5 27. Nd4
Na6 28. Rd2 Nb4 29. Rbd1 Rdc8 30. Bb1 Be8 31. Ne2 Bc6 32. Nd4 Re8 33. Ne2 Na6
34. Nd4 Rac8 35. Qg5 Nc5 36. Bc2 Qe5 37. Qh4 Ne6 38. Nxe6 Qxe6 39. Qf4 Qe5 40.
Qxe5 dxe5 41. Kg1 b6 42. Kf2 Kf8 43. Ke3 e6 44. h4 Ke7 45. Rh1 Red8 46. Rxd8
Rxd8 47. h5 g5 48. g4 Rd4 49. Rd1 Rxd1 50. Bxd1 Kd6 51. Kd2 h6 52. Kc3 Kc5 53.
Bc2 Bb7 1/2-1/2

[Event "NCL967 Celtic Kts-Wessex"]
[Site "Rd6"]
[Date "1997.??.??"]
[Round "6.3"]
[White "Neil, David"]
[Black "Gilbert, Jonathan"]
[Result "1/2-1/2"]
[WhiteElo "2295"]
[BlackElo "2150"]
[PlyCount "37"]
[EventDate "1997.01.26"]
[Source "J.Saunders"]
[SourceDate "1998.06.06"]

1. e4 d6 2. d4 Nf6 3. Nc3 g6 4. Be2 Bg7 5. g4 c6 6. g5 Nfd7 7. h4 b5 8. a3 Bb7
9. Be3 a5 10. Qd2 b4 11. axb4 axb4 12. Na4 c5 13. Bf3 Nb6 14. b3 Nxa4 15. Rxa4
Rxa4 16. bxa4 Qa5 17. Ne2 c4 18. h5 O-O 19. Bg2 1/2-1/2

[Event "NCL967 Celtic Kts-Wessex"]
[Site "Rd6"]
[Date "1997.??.??"]
[Round "6.4"]
[White "Musson, Adam"]
[Black "Yeo, Michael"]
[Result "1-0"]
[WhiteElo "2090"]
[BlackElo "2205"]
[PlyCount "45"]
[EventDate "1997.01.26"]
[Source "J.Saunders"]
[SourceDate "1998.06.06"]

1. Nf3 Nc6 2. d4 d5 3. g3 Bg4 4. Bg2 e6 5. O-O h5 6. h4 Qd7 7. Nbd2 O-O-O 8. b3
f6 9. Bb2 Nh6 10. c4 dxc4 11. bxc4 Nf5 12. Qb3 b6 13. Rfd1 Na5 14. Qc2 Qf7 15.
c5 Nb7 16. cxb6 axb6 17. a4 Bb4 18. Nc4 Kb8 19. a5 bxa5 20. Bc3 c5 21. Bxb4
Bxf3 22. Bxf3 axb4 23. Qa4 1-0

[Event "NCL967 Celtic Kts-Wessex"]
[Site "Rd6"]
[Date "1997.??.??"]
[Round "6.6"]
[White "Sheehan, Anthony"]
[Black "Brameld, Arthur"]
[Result "1/2-1/2"]
[WhiteElo "2100"]
[BlackElo "2199"]
[PlyCount "129"]
[EventDate "1997.01.26"]
[Source "J.Saunders"]
[SourceDate "1998.06.06"]

1. e4 Nf6 2. Nc3 d5 3. exd5 Nxd5 4. Bc4 e6 5. Nf3 Nb6 6. Be2 c5 7. O-O Nc6 8.
d3 Be7 9. Bf4 O-O 10. a4 Nd5 11. Nxd5 exd5 12. c3 Bf6 13. Qd2 Bf5 14. Bg5 Re8
15. Rfe1 h6 16. Bxf6 Qxf6 17. Bf1 g5 18. Rxe8+ Rxe8 19. Re1 Rxe1 20. Nxe1 Bd7
21. Be2 Ne7 22. Bd1 Ng6 23. d4 cxd4 24. cxd4 Qa6 25. b3 Qb6 26. Nf3 Nf4 27. Ne5
Bf5 28. Qe3 Ne6 29. Bf3 Be4 30. Bxe4 dxe4 31. d5 Qxe3 32. fxe3 Nc5 33. d6 Kf8
34. d7 Ke7 35. Nxf7 Kxd7 36. Nxh6 Ke6 37. g3 Nxb3 38. h4 gxh4 39. gxh4 Nc5 40.
Ng4 Kf5 41. h5 Nd7 42. Nh6+ Kf6 43. Kf2 Nc5 44. Ng4+ Kg5 45. h6 Kg6 46. a5 a6
47. Ke2 Nb3 48. h7 Kxh7 49. Nf6+ Kg6 50. Nxe4 Nxa5 51. Nc5 Kf6 52. Kd3 Ke5 53.
e4 Kd6 54. Na4 b5 55. Nb6 Nc6 56. Nd5 Kc5 57. Nc7 Ne5+ 58. Kc3 a5 59. Ne6+ Kd6
60. Nd4 b4+ 61. Kb3 Nc6 62. Nf3 Kc5 63. Ka4 Kb6 64. Nd2 Ne5 65. Nb3 1/2-1/2

[Event "NCL967 Celtic Kts-Wessex"]
[Site "Rd6"]
[Date "1997.??.??"]
[Round "6.6"]
[White "Upton, Ian"]
[Black "Adams, Mark"]
[Result "1-0"]
[WhiteElo "2235"]
[BlackElo "2100"]
[PlyCount "81"]
[EventDate "1997.01.26"]
[Source "J.Saunders"]
[SourceDate "1998.06.06"]

1. d4 d5 2. c4 e6 3. Nc3 c5 4. cxd5 cxd4 5. Qa4+ Bd7 6. Qxd4 exd5 7. Qxd5 Nf6
8. Qd1 Nc6 9. Nf3 Bc5 10. e3 Qe7 11. Bd2 Rd8 12. Be2 O-O 13. a3 Rfe8 14. Qc2
Bg4 15. O-O Bh5 16. b4 Bb6 17. Rad1 Rc8 18. Qa2 Bg6 19. Rc1 Rc7 20. Rfd1 Rd7
21. Be1 Red8 22. Rxd7 Rxd7 23. Rd1 Rxd1 24. Bxd1 Bc7 25. Nd5 Nxd5 26. Qxd5 Be4
27. Qc4 h6 28. Bc2 Bxf3 29. gxf3 Ne5 30. Qe4 Ng6 31. f4 Bd8 32. Bc3 Bb6 33. f5
Qxe4 34. Bxe4 Ne7 35. f6 gxf6 36. Bxb7 f5 37. a4 Bc7 38. Bd4 Bb8 39. b5 Kf8 40.
a5 Ke8 41. b6 1-0

[Event "NCL967 Celtic Kts-Wessex"]
[Site "Rd6"]
[Date "1997.??.??"]
[Round "6.7"]
[White "Noyce, Robert"]
[Black "Sinnett, Glyn"]
[Result "1-0"]
[WhiteElo "2205"]
[BlackElo "2010"]
[PlyCount "73"]
[EventDate "1997.01.26"]
[Source "J.Saunders"]
[SourceDate "1998.06.06"]

1. e4 e6 2. d4 d5 3. Nd2 Nf6 4. e5 Nfd7 5. Bd3 c5 6. c3 Nc6 7. Ngf3 f6 8. exf6
Nxf6 9. O-O cxd4 10. cxd4 Bd6 11. a3 a5 12. Re1 O-O 13. Nf1 Qc7 14. Qc2 Ne7 15.
Qxc7 Bxc7 16. Ng5 Nc6 17. Nxe6 Bxe6 18. Rxe6 Nxd4 19. Re7 Rf7 20. Rxf7 Kxf7 21.
Be3 Nc6 22. Rd1 Rd8 23. Bb5 Be5 24. Bb6 Rc8 25. b3 Bb2 26. a4 Bc3 27. Ne3 Ke6
28. h3 Ne7 29. f3 Bb4 30. Kf2 Rc3 31. Rd3 Rc1 32. g4 g5 33. Bd4 Neg8 34. Nf5
Rc2+ 35. Kg1 Re2 36. Be3 h6 37. Nd4+ 1-0

[Event "NCL967 Celtic Kts-Wessex"]
[Site "Rd6"]
[Date "1997.??.??"]
[Round "6.8"]
[White "Wilson, Julie"]
[Black "Howard, Emily"]
[Result "1-0"]
[WhiteElo "1656"]
[BlackElo "1904"]
[PlyCount "73"]
[EventDate "1997.01.26"]
[Source "J.Saunders"]
[SourceDate "1998.06.06"]

1. d4 Nf6 2. c4 e6 3. Nf3 b6 4. Bg5 Bb7 5. e3 Be7 6. Nc3 O-O 7. Bd3 d5 8. cxd5
exd5 9. Qc2 h6 10. Bh4 Nbd7 11. O-O Re8 12. Nd2 c6 13. f3 c5 14. Ne2 Bd6 15. e4
c4 16. Bxc4 dxc4 17. e5 g5 18. Nxc4 Bf8 19. Bg3 Nd5 20. Qb3 Ba6 21. Rfe1 b5 22.
Nd2 N7b6 23. Ne4 Be7 24. f4 gxf4 25. Nxf4 Nxf4 26. Bxf4 Qxd4+ 27. Kh1 Qd7 28.
Qg3+ Kh8 29. Nf6 Qe6 30. Rad1 Bxf6 31. Rd6 Qxd6 32. exd6 Rxe1+ 33. Qxe1 Nd5 34.
Qe4 Kg7 35. Qxd5 Re8 36. h3 Rd8 37. Qh5 1-0

[Event "NCL967 BCM-Midland Mons"]
[Site "Rd6"]
[Date "1997.??.??"]
[Round "6.2"]
[White "Arkell, Keith"]
[Black "Norwood, David"]
[Result "0-1"]
[WhiteElo "2545"]
[BlackElo "2520"]
[PlyCount "76"]
[EventDate "1997.01.26"]
[Source "J.Saunders"]
[SourceDate "1998.06.06"]

1. d4 g6 2. c4 Bg7 3. g3 c5 4. d5 d6 5. Nc3 Bxc3+ 6. bxc3 Qa5 7. Qb3 f5 8. Nh3
Nd7 9. e4 fxe4 10. Ng5 Ngf6 11. Bg2 Nb6 12. Nxe4 Nxe4 13. Bxe4 Qa6 14. Qb5+
Qxb5 15. cxb5 Bf5 16. f3 a6 17. bxa6 Rxa6 18. Ke2 Ra4 19. Bxf5 gxf5 20. Rd1 Kd7
21. a3 Nc4 22. Rb1 b6 23. Kf2 Rha8 24. Re1 Ne5 25. Rd1 R8a6 26. Kg2 Ke8 27. h4
h5 28. Re1 Kf7 29. Re2 R4a5 30. Rb3 c4 31. Rb1 Rxd5 32. Bg5 b5 33. Ree1 Rd3 34.
Bxe7 Kxe7 35. f4 Rxc3 36. fxe5 Raxa3 37. exd6+ Kxd6 38. Rbd1+ Rd3 0-1

[Event "NCL967 BCM-Midland Mons"]
[Site "Rd6"]
[Date "1997.??.??"]
[Round "6.3"]
[White "Mestel, Jonathan"]
[Black "Parker, Jonathan"]
[Result "0-1"]
[WhiteElo "2510"]
[BlackElo "2470"]
[PlyCount "86"]
[EventDate "1997.01.26"]
[Source "J.Saunders"]
[SourceDate "1998.06.06"]

1. c4 e6 2. Nf3 Nf6 3. g3 d5 4. b3 Be7 5. Bg2 O-O 6. O-O b6 7. Bb2 Bb7 8. e3
Nbd7 9. Nc3 Ne4 10. Qe2 Bf6 11. Rac1 Nxc3 12. Bxc3 Bxc3 13. Rxc3 c5 14. cxd5
Bxd5 15. d4 Qe7 16. Rfc1 a5 17. dxc5 bxc5 18. Nd2 Bxg2 19. Kxg2 a4 20. Ne4 axb3
21. axb3 Rab8 22. Qa6 Ra8 23. Qd3 Rfd8 24. Qc2 Rab8 25. Kf1 h6 26. Rd1 Rdc8 27.
Kg1 Rc7 28. Nd6 Nf6 29. e4 Nd7 30. f4 Ra7 31. Qd3 Rba8 32. Nb5 Rb7 33. e5 Nb6
34. Nd6 Rc7 35. Qb5 Nd5 36. Rxc5 Rxc5 37. Qxc5 Ra2 38. b4 Nxf4 39. Rf1 Ne2+ 40.
Kh1 Qg5 41. Qc8+ Kh7 42. Qc4 Nxg3+ 43. hxg3 Qd2 0-1

[Event "NCL967 BCM-Midland Mons"]
[Site "Rd6"]
[Date "1997.??.??"]
[Round "6.4"]
[White "Ferguson, Mark"]
[Black "Giddins, Steve"]
[Result "1/2-1/2"]
[WhiteElo "2385"]
[BlackElo "2345"]
[PlyCount "77"]
[EventDate "1997.01.26"]
[Source "J.Saunders"]
[SourceDate "1998.06.06"]

1. e4 e6 2. d3 c5 3. Nf3 Nc6 4. g3 g6 5. d4 d5 6. exd5 exd5 7. Bg2 cxd4 8. Nxd4
Bg7 9. Nxc6 bxc6 10. O-O Ne7 11. c3 Nf5 12. Re1+ Be6 13. Nd2 O-O 14. Nb3 Qb6
15. Bh3 Rfe8 16. Bxf5 Bxf5 17. Be3 Qc7 18. Qd2 h5 19. Bd4 f6 20. Rxe8+ Rxe8 21.
Re1 Rxe1+ 22. Qxe1 Kf7 23. Qe3 a6 24. Nc5 Bc8 25. Nd3 Qe7 26. Qxe7+ Kxe7 27. f3
Kf7 28. Bc5 Bh6 29. Bd4 Bf8 30. b4 Bd6 31. Kf2 g5 32. Ke3 h4 33. f4 hxg3 34.
hxg3 gxf4+ 35. Nxf4 Bxf4+ 36. Kxf4 Bh3 37. Ba7 Ke6 38. Bb8 Bf1 39. Bc7 1/2-1/2

[Event "NCL967 BCM-Midland Mons"]
[Site "Rd6"]
[Date "1997.??.??"]
[Round "6.5"]
[White "Cafferty, Bernard"]
[Black "Collinson, Adam"]
[Result "0-1"]
[WhiteElo "2240"]
[BlackElo "2380"]
[PlyCount "116"]
[EventDate "1997.01.26"]
[Source "J.Saunders"]
[SourceDate "1998.06.06"]

1. Nf3 d6 2. d4 Nf6 3. g3 g6 4. Bg2 Bg7 5. O-O O-O 6. c4 c6 7. Nc3 Bf5 8. Nh4
Be6 9. d5 cxd5 10. cxd5 Bd7 11. Qb3 Qb6 12. Bg5 Na6 13. Qa3 Rfc8 14. Rac1 Nc5
15. Nf3 a5 16. Nd2 Qb4 17. Ncb1 h6 18. Bxf6 Bxf6 19. Nc4 Na4 20. b3 b5 21. Ne3
Nc3 22. Rc2 Nxb1 23. Qxb4 axb4 24. Rxb1 Rxc2 25. Nxc2 Rxa2 26. Be4 Bc3 27. Bd3
Kg7 28. f4 e6 29. dxe6 Bxe6 30. Kf2 d5 31. Ke3 Bg4 32. Nd4 Bxd4+ 33. Kxd4 Bxe2
34. Bxe2 Rxe2 35. Kc5 Rxh2 36. Kxb4 Kf6 37. Kxb5 Rc2 38. b4 Ke6 39. Ka6 d4 40.
b5 Ra2+ 41. Kb7 d3 42. Rb3 d2 43. Rd3 Kf5 44. Rd4 Kg4 45. Rd3 f5 46. b6 Ra1 47.
Rxd2 Kxg3 48. Rd6 g5 49. fxg5 hxg5 50. Kc7 f4 51. b7 Ra7 52. Kb6 Rxb7+ 53. Kxb7
f3 54. Kc6 f2 55. Rd1 Kg2 56. Kd5 Kf3 57. Ra1 g4 58. Ra3+ Kg2 0-1

[Event "NCL967 BCM-Midland Mons"]
[Site "Rd6"]
[Date "1997.??.??"]
[Round "6.7"]
[White "Anderton, David"]
[Black "Mason, Don"]
[Result "1/2-1/2"]
[WhiteElo "2200"]
[BlackElo "2275"]
[PlyCount "37"]
[EventDate "1997.01.26"]
[Source "J.Saunders"]
[SourceDate "1998.06.06"]

1. d4 Nf6 2. c4 g6 3. g3 Bg7 4. Bg2 O-O 5. Nc3 d6 6. Nf3 c5 7. O-O Nc6 8. d5
Na5 9. Nd2 e5 10. e4 Ng4 11. h3 Nh6 12. b3 f5 13. exf5 Nxf5 14. Nde4 h6 15. Bd2
b6 16. Rb1 a6 17. Kh2 Ra7 18. Qc1 Kh7 19. Ne2 1/2-1/2

[Event "NCL967 BCM-Midland Mons"]
[Site "Rd6"]
[Date "1997.??.??"]
[Round "6.8"]
[White "Regan, Natasha"]
[Black "Wareing, John"]
[Result "1-0"]
[WhiteElo "2155"]
[BlackElo "1888"]
[PlyCount "81"]
[EventDate "1997.01.26"]
[Source "J.Saunders"]
[SourceDate "1998.06.06"]

1. e4 c5 2. d4 cxd4 3. c3 Nf6 4. e5 Nd5 5. Nf3 e6 6. cxd4 d6 7. Bd3 Bd7 8. O-O
Bc6 9. Nc3 Nxc3 10. bxc3 Qc7 11. Re1 Nd7 12. Bf4 dxe5 13. dxe5 Nc5 14. Bf1 Ne4
15. Qc2 f5 16. Nd4 Bd7 17. Nb5 Qa5 18. Rab1 g5 19. Rxe4 fxe4 20. Bxg5 a6 21.
Bf6 Rg8 22. Nd4 Qd5 23. Rd1 Bc5 24. Nf5 Qc6 25. Nd6+ Bxd6 26. Rxd6 Qa4 27. Qe2
Rf8 28. Qg4 Rxf6 29. exf6 O-O-O 30. Rd4 Qa3 31. Qxe4 Rf8 32. Rb4 Rxf6 33. Qxb7+
Kd8 34. Rd4 Rf7 35. Qxa6 Qb2 36. Qe2 Qxc3 37. Qxe6 Qxd4 38. Qxf7 Qa1 39. Qc4
Ke7 40. Qh4+ Ke8 41. Qxh7 1-0

[Event "NCL967 Barbican-NW Eagles"]
[Site "Rd6"]
[Date "1997.??.??"]
[Round "6.1"]
[White "Crouch, Colin"]
[Black "Lund, Brett"]
[Result "1-0"]
[WhiteElo "2375"]
[BlackElo "2260"]
[PlyCount "97"]
[EventDate "1997.01.26"]
[Source "J.Saunders"]
[SourceDate "1998.06.06"]

1. d4 e6 2. e4 c5 3. d5 exd5 4. exd5 d6 5. Nf3 Nf6 6. h3 Be7 7. Bd3 O-O 8. c4
a6 9. a4 b6 10. O-O Ne8 11. Nc3 Ra7 12. Qc2 f5 13. Ne2 a5 14. Re1 Na6 15. Bd2
g6 16. Qc1 Nb4 17. Bb1 Ng7 18. Nc3 Ba6 19. Nb5 Bxb5 20. axb5 Bf6 21. Ra3 Re7
22. Rxe7 Qxe7 23. Re3 Qd8 24. Bc3 Re8 25. Rxe8+ Nxe8 26. g4 fxg4 27. hxg4 Qe7
28. Qf4 Bh8 29. Kg2 Nf6 30. Kf1 Bg7 31. Ng5 Nd7 32. Ne6 Be5 33. Qh6 Qf6 34. Kg2
Bd4 35. Qd2 Qh4 36. Qe2 Qf6 37. Nxd4 cxd4 38. Qe6+ Qxe6 39. dxe6 Nc5 40. Bxd4
Kf8 41. Bxc5 bxc5 42. Be4 Ke7 43. Bd5 g5 44. b6 Kf6 45. b7 Na6 46. Kf3 a4 47.
Ke4 h6 48. Kd3 Ke7 49. Kc2 1-0

[Event "NCL967 Barbican-NW Eagles"]
[Site "Rd6"]
[Date "1997.??.??"]
[Round "6.2"]
[White "Pritchett, Craig"]
[Black "Littlewood, John"]
[Result "1-0"]
[WhiteElo "2325"]
[BlackElo "2275"]
[PlyCount "53"]
[EventDate "1997.01.26"]
[Source "J.Saunders"]
[SourceDate "1998.06.06"]

1. e4 c5 2. Nf3 e6 3. d4 cxd4 4. Nxd4 a6 5. Bd3 Bc5 6. Nb3 Be7 7. O-O d6 8. Qg4
Bf6 9. Qe2 Nc6 10. f4 Nge7 11. N1d2 O-O 12. Nf3 Ng6 13. Kh1 Qc7 14. c3 Bd7 15.
Be3 e5 16. f5 Nf4 17. Qd2 Nxd3 18. Qxd3 Ne7 19. Nbd2 Rac8 20. g4 Bb5 21. c4
Bxc4 22. Nxc4 Qxc4 23. Qxc4 Rxc4 24. Nd2 Rc2 25. g5 Bxg5 26. Bxg5 f6 27. Be3
1-0

[Event "NCL967 Barbican-NW Eagles"]
[Site "Rd6"]
[Date "1997.??.??"]
[Round "6.3"]
[White "Plueg, Andreas"]
[Black "Quillan, Gary"]
[Result "1/2-1/2"]
[WhiteElo "2310"]
[BlackElo "2320"]
[PlyCount "88"]
[EventDate "1997.01.26"]
[Source "J.Saunders"]
[SourceDate "1998.06.06"]

1. d4 e6 2. c3 c5 3. Nf3 Nc6 4. e4 d5 5. exd5 exd5 6. Be2 Bd6 7. O-O Nge7 8.
dxc5 Bxc5 9. Nbd2 O-O 10. Nb3 Bb6 11. Bg5 Bg4 12. Qd2 Re8 13. Rfe1 Qd6 14. Bf4
Qd7 15. h3 Bh5 16. Ne5 Nxe5 17. Bxe5 Bxe2 18. Rxe2 Nc6 19. Rae1 h6 20. Qf4 f6
21. Bd4 Rxe2 22. Rxe2 Nxd4 23. Nxd4 Re8 24. Qf5 Rd8 25. Qd3 Re8 26. Qf5 Rd8 27.
Ne6 Re8 28. g4 Qd6 29. Nf4 Rxe2 30. Nxe2 Bc7 31. Qf3 Qh2+ 32. Kf1 Qe5 33. Nd4
Bb6 34. Nf5 Kh7 35. Qd3 Kh8 36. Qg3 Qe4 37. Qb8+ Kh7 38. Qxb7 Qh1+ 39. Ke2 Qe4+
40. Kd2 Qf4+ 41. Kc2 Qe4+ 42. Kd2 Qf4+ 43. Kc2 Qe4+ 44. Kd2 Qf4+ 1/2-1/2

[Event "NCL967 Barbican-NW Eagles"]
[Site "Rd6"]
[Date "1997.??.??"]
[Round "6.4"]
[White "Tebb, David"]
[Black "Rogers, Jonathan"]
[Result "0-1"]
[WhiteElo "2320"]
[BlackElo "2300"]
[PlyCount "60"]
[EventDate "1997.01.26"]
[Source "J.Saunders"]
[SourceDate "1998.06.06"]

1. e4 e5 2. Nf3 d5 3. Nxe5 Bd6 4. d4 dxe4 5. Nc4 Nf6 6. Bg5 O-O 7. Be2 Nc6 8.
Nxd6 Qxd6 9. c3 Nd5 10. c4 Ndb4 11. Be3 Nxd4 12. Bxd4 Qxd4 13. Nc3 Nd3+ 14.
Bxd3 exd3 15. O-O Qxc4 16. Re1 Bf5 17. Qf3 d2 18. Re2 Bg4 19. Re4 Rae8 20. Qxg4
f5 21. Qe2 Rxe4 22. Qxd2 Rd4 23. Qe3 Rd3 24. Qe7 Qf7 25. Qb4 b6 26. Re1 c5 27.
Qb5 Rd2 28. Qc6 Qd7 29. Qf3 h6 30. Ne2 Re8 0-1